ბათუმის შოთა რუსთაველის სახელმწიფო უნივერსიტეტის ბიბლიოთეკა

ქართველი ქალები ემიგრაციაში = Georgian women in emigration / (ბიბ.ჩანაწერი № 63733)

000 -ლიდერი
ფიქსირებული სიგრძის საკონტროლო ველი 01164nam a22001697a 4500
003 - საკონტროლო ნომრის იდენტიფიკატორი
საკონტროლო ველი Ge_BSU
005 - ბოლო ოპერაციის თარიღი და დრო
საკონტროლო ველი 20251217155047.0
008 - ფიქსირებული სიგრძის მონაცემთა ელემენტები - ზოგადი ინფორმაცია
ფიქსირებული სიგრძის საკონტროლო ველი 251217s2024 ge ||||| |||| 00| 0 geo d
020 ## - წიგნის საერთაშორისო სტანდარტული ნომერი
International Standard Book Number 9789941990304
041 ## - ენის კოდი
Language code of text/sound track or separate title geo
080 ## - უნივერსალური ათობითი კლასიფიკაციის ინდექსი
Universal Decimal Classification number 396(479.22) : 325.2-055.2(=353.1) დ-24
100 ## - მთავარი ჩანაწერი - პიროვნების სახელი
Personal name დაუშვილი, რუსუდან
9 (RLIN) 26521
245 ## - ცნობა სათაურის შესახებ
Title ქართველი ქალები ემიგრაციაში = Georgian women in emigration /
Statement of responsibility, etc ტექსტის ავტორი რ. დაუშვილი; კონსულტანტი მ. ხოსიტაშვილი; რედაქტორი კ. ჯავახიშვილი; მთარგმნელი მ. ჭყონია; ინგლისური ტექსტის რედაქტორი ნ. კაჭაბავა; დიზაინერი მ. ცომაია.
264 ## - წარმოების, გამოცემის, დისტრიბუციის და სხვა ცნობები
გამოცემის, წარმოების, დისტრიბუციის... ადგილი თბილისი :
გამოცემის, წარმოების, დისტრიბუციის... სახელწოდება საქართველოს პარლამენტის ეროვნული ბიბლიოთეკა,
გამოცემის, წარმოების, დისტრიბუციის... თარიღი 2024.
300 ## - ფიზიკური აღწერა
Extent 207 გვ. :
Other physical details ფოტ. ;
Dimensions 31 სმ.
942 ## - ADDED ENTRY ELEMENTS (KOHA)
Source of classification or shelving scheme
Koha item type წიგნი
ეგზემპლარები
ჩამოწერის სტატუსი დაკარგული ეგზემპლარის სტატუსი კლასიფიკაციის წყარო ან თაროზე გაწყობის სქემა დაზიანების სტატუსი არ გაიცემა მუდმივი მდებარეობა (დაცვის ადგილი) ამჟამინდელი ადგილსამყოფელი თაროზე განთავსების ადგილი შეძენის თარიღი ღირებულება, შესყიდვის ნორმალური ფასი სრული შენახვის შიფრი შტრიხკოდი ბოლო ოპერაციის თარიღი ეგზემპლარის მიმდევრობითი ნომერი (კეტერი?) Uniform Resource Identifier ფასის ძალაში შესვლის თარიღი ეგზემპლარის სახეობა საჯარო შენიშვნა
          ბათუმის შოთა რუსთაველის სახელმწიფო უნივერსიტეტის მთავარი ბიბლიოთეკა ბათუმის შოთა რუსთაველის სახელმწიფო უნივერსიტეტის მთავარი ბიბლიოთეკა წიგნსაცავი 2025-12-17 15.00 396(479.22) : 325.2-055.2(=353.1) დ-24 73289 2025-12-17 73289 საჩუქარი საქართველოს ეროვნული ბიბლიოთეკისაგან 2025-12-17 წიგნი 15 ლ.